000 00326 a2200157 4500
001 47564
020 _a9788578481230
040 _cAnchieta - Aquarius
100 _aHOFMEYR, Dianne
240 1 0 _aBojabi
_lpor
245 1 0 _aBojabi
300 _a29p.
362 0 _a2012
650 4 _aLiteratura infanto-juvenil
942 _cBK
999 _c47564
_d47564